<?xml version="1.0" encoding="UTF-8"?>
<record
    xmlns:xsi="http://www.w3.org/2001/XMLSchema-instance"
    xsi:schemaLocation="http://www.loc.gov/MARC21/slim http://www.loc.gov/standards/marcxml/schema/MARC21slim.xsd"
    xmlns="http://www.loc.gov/MARC21/slim">

  <leader>01213cam a22002891i 4500</leader>
  <controlfield tag="003">SA-RiAUC</controlfield>
  <controlfield tag="005">20241009140540.0</controlfield>
  <controlfield tag="008">241008s1961    sy     g b   f001r0 ara c</controlfield>
  <datafield tag="040" ind1=" " ind2=" ">
    <subfield code="a">SA-RiAUC</subfield>
    <subfield code="b">ara</subfield>
    <subfield code="c">SA-RiAUC</subfield>
    <subfield code="e">rda</subfield>
  </datafield>
  <datafield tag="082" ind1="0" ind2="4">
    <subfield code="a">412</subfield>
    <subfield code="q">SA-RiAUC</subfield>
  </datafield>
  <datafield tag="090" ind1=" " ind2=" ">
    <subfield code="a">412 </subfield>
    <subfield code="b"> &#x627; &#x628; &#x648; &#x645;</subfield>
  </datafield>
  <datafield tag="100" ind1="1" ind2=" ">
    <subfield code="a">&#x623;&#x628;&#x648; &#x645;&#x633;&#x62D;&#x644;&#x60C; &#x639;&#x628;&#x62F; &#x627;&#x644;&#x648;&#x647;&#x627;&#x628; &#x628;&#x646; &#x62D;&#x631;&#x64A;&#x634;&#x60C;</subfield>
    <subfield code="d">&#x62D;&#x648;&#x627;&#x644;&#x64A; 170-&#x62D;&#x648;&#x627;&#x644;&#x64A; 230 &#x647;&#x62C;&#x631;&#x64A;</subfield>
    <subfield code="e">&#x645;&#x624;&#x644;&#x641;.</subfield>
  </datafield>
  <datafield tag="245" ind1="1" ind2="0">
    <subfield code="a">&#x643;&#x62A;&#x627;&#x628; &#x627;&#x644;&#x646;&#x648;&#x627;&#x62F;&#x631; /</subfield>
    <subfield code="c">&#x62A;&#x623;&#x644;&#x64A;&#x641; &#x623;&#x628;&#x64A; &#x645;&#x633;&#x62D;&#x644; &#x627;&#x644;&#x623;&#x639;&#x631;&#x627;&#x628;&#x64A; &#x639;&#x628;&#x62F; &#x627;&#x644;&#x648;&#x647;&#x627;&#x628; &#x628;&#x646; &#x62D;&#x631;&#x64A;&#x634; &#x61B; &#x62A;&#x62D;&#x642;&#x64A;&#x642; &#x639;&#x632;&#x629; &#x62D;&#x633;&#x646;.</subfield>
  </datafield>
  <datafield tag="246" ind1="3" ind2="0">
    <subfield code="a">&#x627;&#x644;&#x646;&#x648;&#x627;&#x62F;&#x631;</subfield>
  </datafield>
  <datafield tag="264" ind1=" " ind2="1">
    <subfield code="a">&#x62F;&#x645;&#x634;&#x642; :</subfield>
    <subfield code="b">&#x645;&#x637;&#x628;&#x648;&#x639;&#x627;&#x62A; &#x645;&#x62C;&#x645;&#x639; &#x627;&#x644;&#x644;&#x63A;&#x629; &#x627;&#x644;&#x639;&#x631;&#x628;&#x64A;&#x629;&#x60C;</subfield>
    <subfield code="c">[1961]</subfield>
  </datafield>
  <datafield tag="300" ind1=" " ind2=" ">
    <subfield code="a">2 &#x645;&#x62C;&#x644;&#x62F; &#x61B;</subfield>
    <subfield code="c">25 &#x633;&#x645;</subfield>
  </datafield>
  <datafield tag="336" ind1=" " ind2=" ">
    <subfield code="a">&#x646;&#x635;</subfield>
    <subfield code="b">txt</subfield>
    <subfield code="2">rdacontent</subfield>
    <subfield code="3">&#x643;&#x62A;&#x627;&#x628;</subfield>
  </datafield>
  <datafield tag="337" ind1=" " ind2=" ">
    <subfield code="a">&#x628;&#x62F;&#x648;&#x646; &#x648;&#x633;&#x64A;&#x637;</subfield>
    <subfield code="b">n</subfield>
    <subfield code="2">rdamedia</subfield>
  </datafield>
  <datafield tag="338" ind1=" " ind2=" ">
    <subfield code="a">&#x645;&#x62C;&#x644;&#x62F;</subfield>
    <subfield code="b">nc</subfield>
    <subfield code="2">rdacarrier</subfield>
  </datafield>
  <datafield tag="500" ind1=" " ind2=" ">
    <subfield code="a">&#x64A;&#x634;&#x62A;&#x645;&#x644; &#x639;&#x644;&#x649; &#x643;&#x634;&#x627;&#x641;&#x627;&#x62A;.</subfield>
  </datafield>
  <datafield tag="504" ind1=" " ind2=" ">
    <subfield code="a">&#x64A;&#x634;&#x62A;&#x645;&#x644; &#x639;&#x644;&#x649; &#x625;&#x631;&#x62C;&#x627;&#x639;&#x627;&#x62A; &#x628;&#x628;&#x644;&#x64A;&#x648;&#x62C;&#x631;&#x627;&#x641;&#x64A;&#x629;.</subfield>
  </datafield>
  <datafield tag="650" ind1=" " ind2="7">
    <subfield code="a">&#x627;&#x644;&#x644;&#x63A;&#x629; &#x627;&#x644;&#x639;&#x631;&#x628;&#x64A;&#x629;</subfield>
    <subfield code="x">&#x62A;&#x639;&#x628;&#x64A;&#x631;&#x627;&#x62A; &#x627;&#x635;&#x637;&#x644;&#x627;&#x62D;&#x64A;&#x629;</subfield>
    <subfield code="2">aucsh</subfield>
  </datafield>
  <datafield tag="650" ind1=" " ind2="7">
    <subfield code="a">&#x627;&#x644;&#x628;&#x644;&#x627;&#x63A;&#x629; &#x627;&#x644;&#x639;&#x631;&#x628;&#x64A;&#x629;</subfield>
    <subfield code="2">aucsh</subfield>
  </datafield>
  <datafield tag="700" ind1="1" ind2=" ">
    <subfield code="a">&#x62D;&#x633;&#x646;&#x60C; &#x639;&#x632;&#x629;</subfield>
    <subfield code="e">&#x645;&#x62D;&#x642;&#x642;.</subfield>
  </datafield>
  <datafield tag="942" ind1=" " ind2=" ">
    <subfield code="2">ddc</subfield>
    <subfield code="c">BOOK</subfield>
    <subfield code="n">0</subfield>
  </datafield>
  <datafield tag="949" ind1=" " ind2=" ">
    <subfield code="a">SA-JeALM</subfield>
    <subfield code="d">241008</subfield>
    <subfield code="u">mohamedma123</subfield>
    <subfield code="n">1</subfield>
  </datafield>
  <datafield tag="952" ind1=" " ind2=" ">
    <subfield code="0">0</subfield>
    <subfield code="1">0</subfield>
    <subfield code="2">ddc</subfield>
    <subfield code="3">&#x627;&#x644;&#x62C;&#x632;&#x621; &#x627;&#x644;&#x627;&#x648;&#x644;</subfield>
    <subfield code="4">0</subfield>
    <subfield code="7">0</subfield>
    <subfield code="a">WAHAB</subfield>
    <subfield code="b">WAHAB</subfield>
    <subfield code="d">2024-10-09</subfield>
    <subfield code="l">0</subfield>
    <subfield code="o">412 &#x627; &#x628; &#x648; &#x645;</subfield>
    <subfield code="p">000001488</subfield>
    <subfield code="r">2024-10-09 14:06:22</subfield>
    <subfield code="w">2024-10-09</subfield>
    <subfield code="y">BOOK</subfield>
  </datafield>
  <datafield tag="952" ind1=" " ind2=" ">
    <subfield code="0">0</subfield>
    <subfield code="1">0</subfield>
    <subfield code="2">ddc</subfield>
    <subfield code="3">&#x627;&#x644;&#x62C;&#x632;&#x621; &#x627;&#x644;&#x62B;&#x627;&#x646;&#x64A;</subfield>
    <subfield code="4">0</subfield>
    <subfield code="7">0</subfield>
    <subfield code="a">WAHAB</subfield>
    <subfield code="b">WAHAB</subfield>
    <subfield code="d">2025-07-02</subfield>
    <subfield code="l">0</subfield>
    <subfield code="o">412 &#x627; &#x628; &#x648; &#x645;</subfield>
    <subfield code="p">000015191</subfield>
    <subfield code="r">2025-07-02 07:43:25</subfield>
    <subfield code="w">2025-07-02</subfield>
    <subfield code="y">BOOK</subfield>
  </datafield>
  <datafield tag="999" ind1=" " ind2=" ">
    <subfield code="c">1087</subfield>
    <subfield code="d">1087</subfield>
  </datafield>
</record>
